|
|
|
|
| LEADER |
00000nam a2200000 a 4500 |
| 001 |
UCQ8716 |
| 003 |
CL-VaPUC |
| 008 |
981217e19720000FR |||||||||||||||||fre|d |
| 082 |
0 |
4 |
|a 510.7
|b GAL
|2 21
|
| 100 |
|
|
|a Galion, E
|e author
|9 431798
|
| 245 |
1 |
3 |
|a La mathématique et ses applications
|
| 300 |
|
|
|a 208 p
|
| 942 |
|
|
|c BK
|
| 945 |
|
|
|d 19981217 00:00:00
|a cmena
|
| 260 |
|
|
|a París
|b CEDIC
|c 1972
|
| 650 |
|
0 |
|a Matemática aplicada
|9 260236
|
| 650 |
|
0 |
|a Álgebra
|9 259567
|
| 650 |
|
0 |
|a Geometría
|9 264063
|
| 650 |
|
0 |
|a Democracia
|9 255256
|
| 650 |
|
0 |
|a Ciencias sociales
|9 256351
|
| 650 |
|
0 |
|a Matrices
|9 22
|
| 650 |
|
0 |
|a Matemáticas
|x Enseñanza
|9 875527
|
| 583 |
|
|
|a last modification
|c 19981217 00:00:00
|k Rodrigo Vera
|
| 999 |
|
|
|c 277900
|d 277898
|
| 952 |
|
|
|0 0
|1 0
|4 0
|6 510_700000000000000_GAL_1972
|7 0
|8 A
|9 316165
|a BIBMAT
|b BIBMAT
|d 2019-11-20
|i 1307967
|o 510.7 GAL 1972
|p 1307967
|r 2025-01-07
|w 2019-11-20
|y BK
|k MAT
|